Countries per size - Statistics

General Stats
  • This quiz has been taken 15 times
    10 since last reset
  • The average score is 15 of 196
Answer Stats
Size Number of terrestrial borders (including bridges) Answer % Correct
1 km² 1 Vatican City
100%
2 km² 1 Monaco
80%
61 km² 1 San Marino
80%
160 km² 2 Liechtenstein
60%
21 km² 0 Nauru
60%
26 km² 0 Tuvalu
60%
468 km² 2 Andorra
40%
443 km² 0 Antigua and Barbuda
40%
430 km² 0 Barbados
40%
9984670 km² 1 Canada
40%
344 km² 0 Grenada
40%
2586 km² 3 Luxembourg
40%
298 km² 0 Maldives
40%
316 km² 0 Malta
40%
181 km² 0 Marshall Islands
40%
459 km² 0 Palau
40%
17098242 km² 16 Russia
40%
261 km² 0 Saint Kitts and Nevis
40%
616 km² 0 Saint Lucia
40%
389 km² 0 Saint Vincent and the Grenadines
40%
455 km² 0 Seychelles
40%
9833517 km² 2 United States
40%
7741632 km² 0 Australia
20%
13880 km² 0 Bahamas
20%
30528 km² 4 Belgium
20%
5765 km² 1 Brunei
20%
4033 km² 0 Cape Verde
20%
9598065 km² 14 China
20%
2235 km² 0 Comoros
20%
9251 km² 1 Cyprus
20%
751 km² 0 Dominica
20%
28051 km² 2 Equatorial Guinea
20%
811 km² 0 Kiribati
20%
30355 km² 1 Lesotho
20%
2040 km² 0 Mauritius
20%
702 km² 0 Micronesia
20%
2831 km² 0 Samoa
20%
964 km² 0 Sao Tome and Principe
20%
697 km² 1 Singapore
20%
17364 km² 2 Swaziland
20%
747 km² 0 Tonga
20%
12189 km² 0 Vanuatu
20%
652230 km² 6 Afghanistan
0%
28748 km² 4 Albania
0%
2381741 km² 6 Algeria
0%
1246700 km² 4 Angola
0%
2780400 km² 5 Argentina
0%
29743 km² 4 Armenia
0%
83871 km² 8 Austria
0%
86600 km² 4 Azerbaijan
0%
760 km² 1 Bahrain
0%
143998 km² 2 Bangladesh
0%
207600 km² 5 Belarus
0%
22966 km² 2 Belize
0%
112622 km² 4 Benin
0%
38394 km² 2 Bhutan
0%
1098581 km² 5 Bolivia
0%
51197 km² 3 Bosnia Herzegovina
0%
581730 km² 4 Botswana
0%
8514877 km² 10 Brazil
0%
110879 km² 5 Bulgaria
0%
274200 km² 6 Burkina Faso
0%
27830 km² 3 Burundi
0%
181035 km² 3 Cambodia
0%
475440 km² 6 Cameroon
0%
622984 km² 6 Central African Republic
0%
756102 km² 3 Chile
0%
1138910 km² 5 Colombia
0%
342000 km² 4 Congo
0%
51100 km² 2 Costa Rica
0%
56594 km² 4 Croatia
0%
110860 km² 0 Cuba
0%
78867 km² 4 Czech Republic
0%
2344858 km² 9 Democratic Republic of Congo
0%
2220093 km² 2 Denmark
0%
23200 km² 3 Djibouti
0%
48670 km² 1 Dominican Republic
0%
283561 km² 2 Ecuador
0%
1001450 km² 3 Egypt
0%
21041 km² 2 El Salvador
0%
117600 km² 3 Eritrea
0%
45228 km² 2 Estonia
0%
1104300 km² 6 Ethiopia
0%
18274 km² 0 Fiji
0%
338145 km² 3 Finland
0%
672051 km² 8 France
0%
267667 km² 3 Gabon
0%
11295 km² 1 Gambia
0%
69700 km² 4 Georgia
0%
357022 km² 9 Germany
0%
238533 km² 3 Ghana
0%
131957 km² 4 Greece
0%
108889 km² 4 Guatemala
0%
245857 km² 6 Guinea
0%
36125 km² 2 Guinea Bissau
0%
214969 km² 3 Guyana
0%
27750 km² 1 Haïti
0%
112090 km² 3 Honduras
0%
93028 km² 7 Hungary
0%
103000 km² 0 Iceland
0%
3287263 km² 7 India
0%
1904569 km² 3 Indonesia
0%
1648195 km² 7 Iran
0%
438317 km² 6 Iraq
0%
70273 km² 1 Irland
0%
20770 km² 4 Israël
0%
301340 km² 6 Italy
0%
322463 km² 5 Ivory Coast
0%
10991 km² 0 Jamaica
0%
377915 km² 0 Japan
0%
89342 km² 5 Jordan
0%
2724900 km² 5 Kazakhstan
0%
580367 km² 5 Kenya
0%
10887 km² 4 Kosovo
0%
17818 km² 2 Kuwait
0%
199951 km² 4 Kyrgyzstan
0%
236800 km² 5 Laos
0%
64589 km² 4 Latvia
0%
10400 km² 2 Lebanon
0%
111369 km² 3 Liberia
0%
1759540 km² 6 Libya
0%
65300 km² 4 Lthuania
0%
25713 km² 5 Macedonia
0%
587041 km² 0 Madagascar
0%
118484 km² 3 Malawi
0%
329847 km² 2 Malaysia
0%
1240192 km² 7 Mali
0%
1030700 km² 4 Mauritania
0%
1964375 km² 3 Mexico
0%
33851 km² 2 Moldova
0%
1564116 km² 2 Mongolia
0%
13812 km² 4 Montenegro
0%
712550 km² 3 Morocco
0%
799380 km² 6 Mozambique
0%
676578 km² 5 Myanmar
0%
824292 km² 4 Namibia
0%
147181 km² 2 Nepal
0%
41987 km² 2 Netherlands
0%
267710 km² 0 New Zealand
0%
130370 km² 2 Nicaragua
0%
1267000 km² 7 Niger
0%
923768 km² 4 Nigeria
0%
120538 km² 3 North Korea
0%
386224 km² 3 Norway
0%
309500 km² 3 Oman
0%
796095 km² 4 Pakistan
0%
75420 km² 2 Panama
0%
462840 km² 1 Papua New Guinea
0%
406752 km² 3 Paraguay
0%
1285216 km² 5 Peru
0%
300400 km² 0 Philippines
0%
312685 km² 7 Poland
0%
92090 km² 1 Portugal
0%
11586 km² 1 Qatar
0%
238391 km² 5 Romania
0%
26338 km² 4 Rwanda
0%
2149690 km² 8 Saudi Arabia
0%
196722 km² 5 Senegal
0%
77474 km² 8 Serbia
0%
71740 km² 2 Sierra Leone
0%
49035 km² 5 Slovakia
0%
20273 km² 4 Slovenia
0%
28896 km² 0 Solomon Islands
0%
637657 km² 3 Somalia
0%
1219090 km² 6 South Africa
0%
99720 km² 1 South Korea
0%
644329 km² 6 South Sudan
0%
505370 km² 4 Spain
0%
65610 km² 0 Sri Lanka
0%
1861484 km² 7 Sudan
0%
163820 km² 3 Suriname
0%
450295 km² 3 Sweden
0%
41277 km² 5 Switzerland
0%
185180 km² 5 Syria
0%
35980 km² 0 Taïwan
0%
143100 km² 4 Tajikistan
0%
945087 km² 8 Tanzania
0%
1284000 km² 6 Tchad
0%
513120 km² 4 Thaïland
0%
14874 km² 1 Timor Leste
0%
56785 km² 3 Togo
0%
5128 km² 0 Trinidad and Tobago
0%
163610 km² 2 Tunisia
0%
783562 km² 8 Turkey
0%
488100 km² 4 Turkmenistan
0%
241038 km² 5 Uganda
0%
603550 km² 7 Ukraine
0%
83600 km² 2 United Arab Emirates
0%
316178 km² 1 United Kingdom
0%
176215 km² 2 Uruguay
0%
447400 km² 5 Uzbekistan
0%
912050 km² 4 Venezuela
0%
331210 km² 3 Vietnam
0%
527968 km² 2 Yemn
0%
752618 km² 7 Zambia
0%
390757 km² 4 Zimbabwe
0%
No matching quizzes found
Score Distribution
Percent of People with Each Score
Percentile by Number Answered
Your Score History
You have not taken this quiz since the last reset